| 000 | 01062nam a2200277 i 4500 | ||
|---|---|---|---|
| 001 | 000027664 | ||
| 003 | DO-SdBNP | ||
| 005 | 20250318152550.0 | ||
| 007 | ta | ||
| 008 | 110404s1931 sp r 000 | spa d | ||
| 040 |
_aDO-SdBNP _bspa _cBNPHU _erda |
||
| 082 |
_a973.1 _bP349d _222 |
||
| 100 | 1 |
_aPeña Batlle, Manuel Arturo, _d1902-1952 _eautor _98406 |
|
| 245 | 1 | 3 |
_aEl descubrimiento de América y sus vinculaciones con la política internacional de la época / _cManuel A. Peña Batlle. |
| 264 |
_aMadrid : _bDon Etanislao Maestre, _c1931. |
||
| 300 |
_a77 páginas ; _c16 cm. |
||
| 336 |
_ardacontent _btexto _2txt |
||
| 337 |
_ardamedia _bsin mediación _2n |
||
| 338 |
_brdacarrier _0volumen _2nc |
||
| 500 | _aIncluye referencias bibliográficas y notas al pie de las páginas. | ||
| 590 | _aInventariado, 2018/ YL | ||
| 651 | 4 |
_aAmérica -- _xDescubrimiento y exploración -- _xEspañoles _9544 _vEnsayo, conferencias, etc. |
|
| 651 | 4 |
_aEuropa _xPolítica Y Gobierno _y1492-1517 _954751 |
|
| 910 | _aValidado. Control de calidad MFF | ||
| 942 |
_2ddc _cLBS1 |
||
| 999 |
_c27156 _d27156 |
||